000 00293nam a22001337a 4500
008 181031b xxu||||| |||| 00| 0 eng d
020 _a9780070407268
041 _aeng
080 _23rd
_a004
100 _a28
101 _aSHK
245 _aAlgorithms in C++
_cSedgewick,R
942 _2udc
_cBK
999 _c51212
_d51212